Citations Nos étoiles contraires - Statistiques

Statistiques générales
  • Ce quiz a été pris 4 fois
  • Le résultat moyen est 5 sur 16
Statistiques - réponses
Citation % Correct
Je suis sur des {montagnes} {russes} qui ne font que monter, mon vieux.
75%
OK? {OK}.
75%
Ce serait un {privilège} d’avoir le cœur brisé par toi.
50%
Je suis une {grenade} dégoupillée et, à un moment donné, je vais exploser.
50%
Vous n’ignorez pas qu’il n’existe que deux émotions au monde, l’amour et la {peur}.
50%
Certains infinis sont plus {vastes} que d’autres.
25%
La souffrance exige d'être {ressentie}.
25%
Le monde n’est décidément pas une usine à {exaucer} {les} {vœux}.
25%
Mes pensées sont des étoiles qui ne veulent plus former de {constellation}.
25%
Parfois les gens ne comprennent pas les {promesses} qu'ils font au moment où ils les font.
25%
Si le {monde} n’a pas été conçu pour les hommes, les hommes ont été conçus pour le {monde}.
25%
Tu m’as offert une {éternité} dans un nombre de jours limités, et j’en suis {heureuse}.
25%
J’avais l’impression que, en perdant la personne avec qui je partageais mes {souvenirs}, j’avais perdu les {souvenirs} eux-mêmes.
0%
Je ne crois pas au fait que tout le monde garde ses yeux, ou ne tombe jamais malade, ou je ne sais quoi. Mais je crois que tout le monde a droit au {grand} {amour} et que le {grand} {amour} doit durer toute la vie.
0%
La lumière du soleil levant était trop vive pour ses yeux en {perdition}.
0%
Tu es trop occupée à être toi-même, tu ne réalises pas que tu es {exceptionnelle}.
0%
Aucun quiz correspondant
Distribution des résultats
% des personnes avec chaque résultat
Percentile par nombre de réponses
Votre historique - résultats
Vous n’avez pas pris ce quiz